• 首页
  • 本馆介绍
  • 公告通知
  • 最新文献
  • 馆藏检索
  • 电子资源
  • 读者导购
  • 参考咨询
  • 我的图书馆
  • 登录
  • 详细信息显示
  • 放入我的书架
  • 预约/预借图书
  • 作者相关作品
  • 分类相关作品
  • 丛书相关作品
  • 出版社相关作品

书目信息

  • 表格格式
  • 工作单格式
  • 卡片格式
题名:
中国通
    
 
作者: ;上海广播电视台 主编
分册:  
出版信息: 上海   上海文化出版社  2011.8
页数: 278页
开本: 25cm
丛书名:
单 册:
中图分类: K812.5
科图分类:
主题词: 名人--访问记--世界--现代 , 名人--生平事迹--世界--现代 , 名人 , 访问记
电子资源:
ISBN: 978-7-80740-707-2
000 01174nam0 2200289 45
001 516
005 20120604081543.75
010    @a978-7-80740-707-2@dCNY38.00
100    @a20120328d2011 em y0chiy50 ea
101 0  @achi
102    @aCN@b310000
105    @aa z 000yd
106    @ar
200 1  @a中国通@AZhong Guo Tong@d= China visionaries@e沟通中国与世界的十位国际风云人物@EGou Tong Zhong Guo Yu Shi Jie De Shi Wei Guo Ji Feng Yun Ren Wu@f上海广播电视台外语频道主编@FShang Hai Guang Bo Dian Shi Tai Wai Yu Pin Dao Zhu Bian@zeng
210    @a上海@c上海文化出版社@d2011.8
215    @a278页@c照片@d25cm
330    @a本书讲述了世界十位国际风云人物在中国亲身经历的重大历史事件,回顾他们与中国一段不同寻常的故事和情感。
510 1  @aChina visionaries@zeng
517 1  @a沟通中国与世界的十位国际风云人物@AGou Tong Zhong Guo Yu Shi Jie De Shi Wei Guo Ji Feng Yun Ren Wu
606 0  @a名人@x访问记@y世界@z现代
606 0  @a名人@x生平事迹@y世界@z现代
606 0  @a名人
606 0  @a访问记
690    @aK812.5@v4
711 02 @a上海广播电视台@AShang Hai Guang Bo Dian Shi Tai@b外语频道@4主编
801  0 @aCN@bTSTCL@c20120328
905    @b0813130-34@dK812.5@e37@f5
    
    中国通= China visionaries:沟通中国与世界的十位国际风云人物/上海广播电视台外语频道主编.-上海:上海文化出版社,2011.8
    278页:照片;25cm
    
    
    ISBN 978-7-80740-707-2:CNY38.00
    本书讲述了世界十位国际风云人物在中国亲身经历的重大历史事件,回顾他们与中国一段不同寻常的故事和情感。
●
相关链接 在E读中查询图书 在五车中查询图书 在当当中查询图书 在豆瓣中查询图书


正题名:中国通     索取号:K812.5/37         预约/预借

序号 登录号 条形码 馆藏地/架位号 状态 备注
1 0813130   208131305   第二样本阅览室/ [索取号:K812.5/37] 在馆    
2 0813131   208131314   第二借阅区/ [索取号:K812.5/37] 在馆    
3 0813132   208131323   第二借阅区/ [索取号:K812.5/37] 在馆    
4 0813133   208131332   第二借阅区/ [索取号:K812.5/37] 在馆    
5 0813134   208131341   第二借阅区/ [索取号:K812.5/37] 在馆    
唐山师范学院图书馆 欢迎您!
大连网信软件有限公司© 版权所有